000 00599cam a22002052 4500
001 0000020404
005 20151217152214.0
008 110916s xx 000 0 eng d
020 _a0853697619 :
040 _aKABU
_cKABU
100 1 _aMason, Pamela.
_@0000180654
245 1 0 _aDietary supplements pocket companion /
_cPamela Mason.
250 _a1st ed.
260 _aLondon :
_bPharmaceutical Press,
_c2009.
300 _axiii, 178 p.
650 0 _aDietary supplements.
_@0000180655
852 1 _9p7500 KES
908 _a110916
950 _@1
999 _c9313
_d9313